00543nai a2200157Ia 4500003000900000008004100009022002200050022002300072040001600095245004200111260003400153310001900187362002600206521006900232856008400301IN-BaIIA211028c9999 xx s 000 0 eng d a0272-4391 (Print) a1098-2299 (Online) cIIA Library 0aDrug Development Researchh[eJournal] aNew JerseybJohn Wiley & Sons aSemi-Quarterly a37(1); 1996 - Present bSubscribed through National Knowledge Resource Consortium (NKRC) uhttps://onlinelibrary.wiley.com/journal/10982299yClick Here to Access eJournal